000 00737nam a2200217 i 4500
001 36813
003 ES-MaACL
005 20231215062948.0
007 t|
008 030219s1976 sp ||||1| spa d
020 _a84-355-0120-5
080 _a087.5:82
245 0 0 _aUna, dola, tela, catola :
_bel libro del folklore infantil /
_c[recopilación] Carmen Bravo-Villasante ; [selección de ilustraciones, Miguel Ángel Pacheco].
260 _aValladolid :
_bMiñón,
_c[1976]
300 _a126 p. :
_bil. col. ;
_c25 cm.
650 4 _aFolklore infantil-
_zEspaña.
_9172804
700 1 _aBravo-Villasante, Carmen,
_d1918-1994
_931507
700 1 _aPacheco, Miguel Angel.
_988130
852 4 _aES-MaACL
_jA-8194
999 _c36813
_d36813